Sobre la interpretación de la cuenta corriente (Registro nro. 16540)

Detalles MARC
000 -LEADER
fixed length control field 00338 a2200109 4500
001 - CONTROL NUMBER
control field ART_3596
005 - DATE AND TIME OF LATEST TRANSACTION
control field 20260410161716.0
008 - FIXED-LENGTH DATA ELEMENTS--GENERAL INFORMATION
fixed length control field 260409a
100 1# - MAIN ENTRY--PERSONAL NAME
Personal name Heymann, Daniel
245 10 - TITLE STATEMENT
Title Sobre la interpretación de la cuenta corriente
773 0# - HOST ITEM ENTRY
Title Desarrollo económico
Related parts - Vol. 34, Nº 135 (oct./dic. 1994)
Record control number REV1174

No hay ítems disponibles.